Нидерландская живопись (Запись № 13681357)

Подробности
000 -МАРКЕР
контрольное поле 02101nam0a2200409 4500
001 - ИДЕНТИФИКАТОР ЗАПИСИ
контрольное поле RU\NLR\BIBL_A\022600281
005 - ИДЕНТИФИКАТОР ВЕРСИИ
контрольное поле 20260420052001.0
010 ## - МЕЖДУНАРОДНЫЙ СТАНДАРТНЫЙ НОМЕР КНИГИ (ISBN)
Номер (ISBN) 978-5-00185-803-4
010 ## - МЕЖДУНАРОДНЫЙ СТАНДАРТНЫЙ НОМЕР КНИГИ (ISBN)
Номер (ISBN) 978-5-09-126558-3
Тираж 600
021 ## - НОМЕР ГОСУДАРСТВЕННОЙ РЕГИСТРАЦИИ
Код страны Российская Федерация
Номер АЛ-П-25-00781и
Номер Листа государственной регистраци АЛ-П-25-0159
035 ## - ДРУГИЕ СИСТЕМНЫЕ НОМЕРА
Идентификатор записи (NLR Aleph) 022600281
100 ## - ДАННЫЕ ОБЩЕЙ ОБРАБОТКИ
Данные общей обработки 20250813d2025 u y0rusy50 ca
101 0# - ЯЗЫК РЕСУРСА
Язык текста, звукозаписи и т.д. русский
102 ## - СТРАНА ПУБЛИКАЦИИ ИЛИ ПРОИЗВОДСТВА
Страна публикации Российская Федерация
105 ## - ПОЛЕ КОДИРОВАННЫХ ДАННЫХ: ТЕКСТОВЫЕ МАТЕРИАЛЫ, МОНОГРАФИЧЕСКИЕ
Кодированные данные о монографическом текстовом документе ac||z|||001yy
181 #0 - ПОЛЕ КОДИРОВАННЫХ ДАННЫХ: ВИД СОДЕРЖАНИЯ
Код вида содержания (ISBD) b3
Код характеристики содержания (ISBD) xb2e
181 #0 - ПОЛЕ КОДИРОВАННЫХ ДАННЫХ: ВИД СОДЕРЖАНИЯ
Код вида содержания (ISBD) i2
Код характеристики содержания (ISBD) axxe
182 #0 - ПОЛЕ КОДИРОВАННЫХ ДАННЫХ: ТИП СРЕДСТВА
Код типа средства (ISBD) n - непосредственное
200 1# - ЗАГЛАВИЕ И СВЕДЕНИЯ ОБ ОТВЕТСТВЕННОСТИ
Основное заглавие Нидерландская живопись
Сведения, относящиеся к заглавию Босх, Брейгель, Рубенс, Вермеер и другие знаменитые мастера
-- [художественный альбом]
Первые сведения об ответственности А. Ю. Королева
203 ## - ВИД СОДЕРЖАНИЯ И ТИП СРЕДСТВА
Вид содержания Изображение
-- Текст
Дополнительные сведения об издании визуальные
Тип средства непосредственные
210 ## - ПУБЛИКАЦИЯ, РАСПРОСТРАНЕНИЕ И ДР.
Место издания, распространения и т.д. Москва
Имя издателя, распространителя и т. д. Просвещение, ОЛМА, Просвещение-Союз
Дата издания, распространения и т.д. 2025
215 ## - ФИЗИЧЕСКАЯ ХАРАКТЕРИСТИКА
Специфическое обозначение материала и объем 205 с.
Другие сведения о физической характеристике цв. ил., портр.
Размеры 26
225 1# - СЕРИЯ
Основное заглавие серии Сокровища живописи
300 ## - ОБЩИЕ ПРИМЕЧАНИЯ
Текст примечания На обл. авт. не указан
320 ## - ПРИМЕЧАНИЯ О НАЛИЧИИ В ДОКУМЕНТЕ БИБЛИОГРАФИИ / УКАЗАТЕЛЯ
Текст примечания Указ. имен худож. и произведений: с. 204-205
606 1# - НАИМЕНОВАНИЕ ТЕМЫ КАК ПРЕДМЕТ
Наименование темы Живопись нидерландская
Формальный подзаголовок Альбомы
Хронологический подзаголовок 15 - 17 вв.
Системный номер авторитетной/нормативной записи 2370611
Идентификатор авторитетной/нормативной записи RU\NLR\AUTH\661414999
686 1# - ИНДЕКСЫ ДРУГИХ КЛАССИФИКАЦИЙ
Индекс Щ143(4Н)4я61
700 #1 - ИМЯ ЛИЦА - ПЕРВИЧНАЯ ОТВЕТСТВЕННОСТЬ
Графика поля Кириллица
Материалы, к которым относится поле rus
Начальный элемент ввода Королева
Часть имени, кроме начального элемента ввода А. Ю.
Дополнения к именам, кроме дат канд. искусствоведения
Расширение инициалов личного имени Анастасия Юрьевна
Системный номер авторитетной/нормативной записи 67775
Идентификатор авторитетной/нормативной записи RU\NLR\AUTH\7784847
702 #1 - ИМЯ ЛИЦА - ВТОРИЧНАЯ ОТВЕТСТВЕННОСТЬ
Код отношения Карикатурист, Художник
Графика поля Кириллица
Материалы, к которым относится поле rus
Начальный элемент ввода Босх
Часть имени, кроме начального элемента ввода Х.
Даты ок.1450-1516
Расширение инициалов личного имени Хиеронимус
Системный номер авторитетной/нормативной записи 126103
Идентификатор авторитетной/нормативной записи RU\NLR\AUTH\7716464
702 #1 - ИМЯ ЛИЦА - ВТОРИЧНАЯ ОТВЕТСТВЕННОСТЬ
Код отношения Карикатурист, Художник
Графика поля Кириллица
Материалы, к которым относится поле rus
Начальный элемент ввода Брейгель
Часть имени, кроме начального элемента ввода П.
Дополнения к именам, кроме дат ст.
Даты ок.1525-1569
Расширение инициалов личного имени Питер
Системный номер авторитетной/нормативной записи 119346
Идентификатор авторитетной/нормативной записи RU\NLR\AUTH\779518
702 #1 - ИМЯ ЛИЦА - ВТОРИЧНАЯ ОТВЕТСТВЕННОСТЬ
Код отношения Карикатурист, Художник
Графика поля Кириллица
Материалы, к которым относится поле rus
Начальный элемент ввода Рубенс
Часть имени, кроме начального элемента ввода П. П.
Даты 1577-1640
Расширение инициалов личного имени Питер Пауль
Системный номер авторитетной/нормативной записи 119268
Идентификатор авторитетной/нормативной записи RU\NLR\AUTH\779439
702 #1 - ИМЯ ЛИЦА - ВТОРИЧНАЯ ОТВЕТСТВЕННОСТЬ
Код отношения Карикатурист, Художник
Графика поля Кириллица
Материалы, к которым относится поле rus
Начальный элемент ввода Вермер Делфтский
Часть имени, кроме начального элемента ввода Я.
Даты 1632-1675
Расширение инициалов личного имени Ян
Системный номер авторитетной/нормативной записи 94553
Идентификатор авторитетной/нормативной записи RU\NLR\AUTH\77111628
942 ## - ДОПОЛНИТЕЛЬНЫЕ ЭЛЕМЕНТЫ ЗАПИСИ (АБИС)
Тип экземпляра АБИС Книга
980 ## - КОЛЛЕКЦИЯ
Название коллекции Национальная библиография

Нет доступных экземпляров.